1123 1103 1112 1899 1545 1139 1060 1556 1011 1672 1323 1370 1891 1973 1551 1568 1835 1284 1380 1513 1444 1269 1975 1481 1297 1629 1203 1989 1577 1414 1034 1801 1653 1816 1267 1958 1981 1216 1052 1941 1850 1971 1568 1147 1921 1271 1543 1824 1157 1228 1968 1136 1414 1903 1050 1816 1411 1954 1746 1122 1662 1621 1466 1401 1084 1048 1816 2000 1539 1696 1744 1489 1298 1132 1543 1710 1650 1410 1776 1740 1441 1912 1974 1487 1813 1101 1695 1711 1032 1036 1099 1781 1077 1864 1001 1714 1392 1699 1537 BCNSPRNW ULIB Ver.6.0+V

เปลี่ยนเป็นภาษาไทย

Change to English
 แสดงรายละเอียดบรรณานุกรม
  กลับหน้าหลัก

Brief Record : Get Marc (ISO 2709) : E-mail record : QR code < ปิดหน้าต่าง
LEADER : 00000nam 2200000uu 4500
001    13399120981
003     ULIB
008    121029s2550||||th 000 0 tha d
020    ^a9789748349046
050  4 ^aH62^bส852ร
100 0  ^aสุชาต ประสิทธิ์รัฐสินธุ์
245 10 ^aระเบียบวิธีการวิจัยทางสังคมศาสตร์ /^cสุชาต ประสิทธิ์รัฐสินธุ์
250    ^aพิมพ์ครั้งที่ 14
260    ^a[กรุงเทพฯ] :^bเฟื่องฟ้า,^c2550
300    ^axxvi, 640 หน้า
650  7 ^aสังคมศาสตร์^vวิจัย
945    ^p550^l0^i14227
995    ^aทศพร
999    ^aทศพร เกษรทอง
รายการนี้ยังไม่มีแท็ก
คุณยังไม่ได้ล็อกอิน คุณสามารถมีกิจกรรมร่วมกับเว็บไซต์ได้ แต่ต้องล็อกอินก่อน ::
  ล็อกอิน

รายการสื่อสารสนเทศ

ลำดับที่ ประเภท เลขเรียก/บาร์โค้ด สถานที่ สถานะ
1. วิทยาศาสตร์การแพทย์ และสุขภาพ
วิทยาศาสตร์การแพทย์ และสุขภาพ
H62 ส852ร ฉ.1 
  Barcode: 14227
ห้องสมุดวิทยาเขตสวรรค์ประชารักษ์
►หนังสือทั่วไป
บนชั้น

รายการใกล้เคียง
    ผู้แต่ง [สุชาต ประสิทธิ์รัฐสินธุ์]

BibComment


ยังไม่เคยถูกคอมเมนท์

คอมเมนท์ทรัพยากรรายการนี้
  คอมเมนท์: ระเบียบวิธีการวิ..


 Copyright 2026. Bcnsprnw @Library